KOHA-Header-6

Essentials Of Organizational Behavior (Record no. 13205)

000 -LEADER
fixed length control field 00261nam a2200109Ia 4500
020 ## - INTERNATIONAL STANDARD BOOK NUMBER
ISBN 978-1292221410
100 ## - MAIN ENTRY--AUTHOR NAME
Personal name Robbins, Judge, Sanghi
245 #0 - TITLE STATEMENT
Title Essentials Of Organizational Behavior
260 ## - PUBLICATION, DISTRIBUTION, ETC. (IMPRINT)
Place of publication New Delhi
Name of publisher Dorling
Year of publication 2005
300 ## - PHYSICAL DESCRIPTION
Number of Pages 553
942 ## - ADDED ENTRY ELEMENTS (KOHA)
Koha item type Books
Holdings
Withdrawn status Lost status Collection code Permanent Location Current Location Shelving location Date acquired Full call number Accession Number Koha item type
    Management MAJU MAJU   2022-02-19 658.3 10263 Management

Powered by Koha